| 000 | 00608nam a2200181 i 4500 | ||
|---|---|---|---|
| 001 | 100539 | ||
| 003 | ES-MaACL | ||
| 005 | 20230906182708.0 | ||
| 007 | t| | ||
| 008 | 050929s1963 sp ||||1| spa d | ||
| 100 | 1 |
_aMassé, Pierre. _978803 |
|
| 245 | 1 | 3 |
_aLa elección de las inversiones / _cPierre Massé; prólogo José de Orbaneja y Aragón; revisión José Lóbez Urquía. |
| 260 |
_aBarcelona : _bSagitario, _c1963. |
||
| 300 |
_aXX, 536 p. : _bil. ; _c22 cm. |
||
| 700 | 1 |
_aOrbaneja y Aragón, José de. _987151 |
|
| 700 | 1 |
_aLóbez Urquía, José. _973010 |
|
| 852 |
_aES-MaACL _jC-24055 _bR.52729 |
||
| 999 |
_c100539 _d100539 |
||